Україна на сторінках Святого Письма та витяги з першоджерел, що засвідчують процес поширення християнства на теренах України від апастола Андрія до князя Володимира (Запис № 320175)

МАРК-запис
000 -Лідер
fixed length control field 00875nam a22002297a 4500
003 - Ідентифікатор контрольного номера
control field UA-OsUOA
001 - Контрольний номер
control field 33725
007 - Фіксоване поле фізичного опису
fixed length control field ta
008 - Елементи даних фіксованої довжини – загальна інформація
fixed length control field 20050908b un ||||| |||| 00| 0 ukr d
090 ## - Локальний шифр розміщення
Класифікаційний індекс УДК 23(477)(091)
Авторський знак (НП) К82
040 ## - Джерело каталогізації
Агенція оригінальної каталогізації UA-OsUOA
Мова каталогізації ukr
Агенція, яка здійснювала перезапис UA-OsUOA
Агенція, яка здійснювала модифікацію UA-OsUOA
041 ## - Код мови
Код мови тексту/ звукової доріжки чи окремого заголовка (П) ukr
080 ## - Індекс Універсальної десяткової класифікації
Індекс Універсальної десяткової класифікації (УДК) (НП) 23(477)(091)
020 ## - Міжнародний стандартний книжковий номер (ISBN)
Міжнародний стандартний книжковий номер (ISBN) (НП) 966-00-0180-0
100 ## - Основне введення – ім’я особи
Ім’я особи (НП) Крисаченко В.С.
245 ## - Відомості про назву
Назва (НП) Україна на сторінках Святого Письма та витяги з першоджерел, що засвідчують процес поширення християнства на теренах України від апастола Андрія до князя Володимира
Решта назви (НП) Науково-довідкове видання
260 ## - Публікація, розповсюдження і т.п. (Вихідні дані)
Місце публікації, розповсюдження і т.п. (П) К.
Ім’я/ наймення видавництва, розповсюджувача і т.п. (П) Наукова думка
Дата публікації, розповсюдження і т.п. (П) 2000
300 ## - Фізичний опис
Обсяг 485 с.
650 #7 - Додаткове предметне введення – тематичний термін
Джерело заголовка чи терміна UDC
942 ## - Додаткові елементи входу (Коха)
Тип елемента Koha Книги
955 ## - Код типу видання за змістом
Код типу видання за змістом (НП) Наукові видання
Фонди
Стан вилучень Стан втрат Джерело класифікації або схеми стелажів Стан уражень Не для кредиту Постійне місце розташування Поточне розміщення Дата придбання Інвентарний номер Усього замовленно Повний номер виклику Штрих-код Дата останнього перегляду Ціна ефективна від Тип елемента Koha
    Universal Decimal Classification     ЧЗ - Читальна зала ЧЗ - Читальна зала 08/09/2005 60502   23(477)(091) К82 60502 29/09/2021 08/09/2005 Книги